01549cam a2200361 a 450000100090000000300060000900500170001500800410003201000150007302000150008802000180010304000730012104200140019404300300020805000260023808200240026424501420028825000330043026400330046326400650049630000770056133600260063833700280066433800270069250501740071965000550089365000530094865000320100165000440103365100460107765100430112370000210116656556730OCoLC20190111163420.0050816s2004 nyuaf 000 0ceng d a2005299675 a078671462X a9780786714629 aOCOcOCOdDLCdWIHdMIRdUNAdC@RdBAKERdIXAdBTCTAdYDXCPdUtOrBLW alccopycat an-us---aa-iq---aa-af---00aDS79.764.U6bV63 200400a956.7aB222bS294v00aVoices from the front :bletters home from America's military family /cletters collected, edited, and with a foreword by Frank Schaeffer aFirst Carroll & Graf edition 1aNew York :bCarroll ?,c2004 2a[Emeryville, Calif.] :bDistributed by Publishers Group West axiii, 319 pages, 16 unnumbered pages of plates :billustrations ;c24 cm atextbtxt2rdacontent aunmediatedbn2rdamedia avolumebnc2rdacarrier0 aForeword by Frank Schaeffer -- The letters: Boot camp -- Deployment -- Combat Afghanistan -- Combat Iraq -- Occupation Iraq -- Homecoming -- Afterword by Frank Schaeffer 0aIraq War, 2003-2011vPersonal narratives, American 0aAfghan War, 2001-vPersonal narratives, American 0aWar on Terrorism, 2001-2009 0aSoldierszUnited StatesvCorrespondence 0aUnited StatesxHistory, MilitaryvSources 0aUnited StatesxArmed ForcesvBiography1 aSchaeffer, Frank